Parasitism: the diversity and ecology of animal parasites (Record no. 81734)
[ view plain ]
| 000 -LEADER | |
|---|---|
| fixed length control field | 01064nam a2200253 a 4500 |
| 008 - FIXED-LENGTH DATA ELEMENTS--GENERAL INFORMATION | |
| fixed length control field | 120416s2001 ||||||||||||||||| || u |
| 020 ## - INTERNATIONAL STANDARD BOOK NUMBER | |
| International Standard Book Number | 0521662788 |
| 050 ## - LIBRARY OF CONGRESS CALL NUMBER | |
| Classification number | QL 757 Par |
| 100 ## - MAIN ENTRY--PERSONAL NAME | |
| Personal name | Bush, Albert O |
| 245 10 - TITLE STATEMENT | |
| Title | Parasitism: the diversity and ecology of animal parasites |
| 260 ## - PUBLICATION, DISTRIBUTION, ETC. (IMPRINT) | |
| Place of publication, distribution, etc | Cambridge: |
| Name of publisher, distributor, etc | Cambridge University Press |
| Date of publication, distribution, etc | 2001 |
| 300 ## - PHYSICAL DESCRIPTION | |
| Extent | ix, 566p. : ill. |
| 350 ## - | |
| -- | 0.00 |
| 650 ## - SUBJECT ADDED ENTRY--TOPICAL TERM | |
| Topical term or geographic name as entry element | PARASITES |
| 650 #0 - SUBJECT ADDED ENTRY--TOPICAL TERM | |
| Topical term or geographic name as entry element | PARASITISM |
| 700 ## - ADDED ENTRY--PERSONAL NAME | |
| Personal name | Seed, J. Richard |
| 700 ## - ADDED ENTRY--PERSONAL NAME | |
| Personal name | Fernandez, Jacqueline |
| 700 ## - ADDED ENTRY--PERSONAL NAME | |
| Personal name | Esch , Gerald W |
| 856 ## - ELECTRONIC LOCATION AND ACCESS | |
| Uniform Resource Identifier | <a href="http://www.loc.gov/catdir/samples/cam031/00041414.html">http://www.loc.gov/catdir/samples/cam031/00041414.html</a> |
| 856 ## - ELECTRONIC LOCATION AND ACCESS | |
| Uniform Resource Identifier | <a href="http://www.loc.gov/catdir/toc/cam025/00041414.html">http://www.loc.gov/catdir/toc/cam025/00041414.html</a> |
| 856 ## - ELECTRONIC LOCATION AND ACCESS | |
| Uniform Resource Identifier | <a href="http://www.loc.gov/catdir/description/cam021/00041414.html">http://www.loc.gov/catdir/description/cam021/00041414.html</a> |
| 995 ## - RECOMMENDATION 995 [LOCAL, UNIMARC FRANCE] | |
| -- | 0.00 |
| -- | CBU-MAIN LIBRARY (Kitwe) |
| -- | 1 |
| -- | 42.95 |
| -- | 1 |
| -- | AVAILABLE |
| -- | Main Library Open Access Collection |
| 995 ## - RECOMMENDATION 995 [LOCAL, UNIMARC FRANCE] | |
| -- | 0.00 |
| -- | CBU-MAIN LIBRARY (Kitwe) |
| -- | 2 |
| -- | 42.95 |
| -- | 2 |
| -- | DAMAGED |
| -- | Main Library Open Access Collection |
| Withdrawn status | Lost status | Source of classification or shelving scheme | Damaged status | Not for loan | Permanent Location | Current Location | Shelving location | Date acquired | Total Checkouts | Full call number | Barcode | Date last seen | Copy number | Price effective from | Koha item type |
|---|---|---|---|---|---|---|---|---|---|---|---|---|---|---|---|
| CBU-MAIN LIBRARY, KITWE. | CBU-MAIN LIBRARY, KITWE. | 09/05/2023 | QL 757 Par | 47818 | 09/05/2023 | 1 | 09/05/2023 | MONOGRAPH | |||||||
| CBU-MAIN LIBRARY, KITWE. | CBU-MAIN LIBRARY, KITWE. | 09/05/2023 | QL 757 Par | 48018 | 09/05/2023 | 2 | 09/05/2023 | MONOGRAPH |